000 00374pab a2200157 454500
008 180718b1968 xxu||||| |||| 00| 0 eng d
100 _aMukharji, Girijapati
245 _aUrban land policy
260 _c1968
300 _ap.582-595.
362 _aJul-Sep
650 _aLand use
773 _aIndian Journal of Public Administration
908 _aN
909 _a100145
999 _c100144
_d100144